Central Library OPAC University of Rajshahi

Social change in modern India / (Record no. 33678)

MARC details
000 -LEADER
fixed length control field 00826nam a22002531 4500
001 - CONTROL NUMBER
control field 33678
003 - CONTROL NUMBER IDENTIFIER
rucl marc code BD-RjUL
005 - DATE AND TIME OF LATEST TRANSACTION
control field 20211209052037.0
008 - FIXED-LENGTH DATA ELEMENTS--GENERAL INFORMATION
fixed length control field 140511r19691966cau b 001 0 eng
035 ## - SYSTEM CONTROL NUMBER
System control number (BD-RjUL)33769
040 ## - CATALOGING SOURCE
Original cataloging agency DLC
Transcribing agency DLC
Modifying agency DLC
-- BD-RjUL
Language of cataloging eng
041 ## - LANGUAGE CODE
Language code of text/sound track or separate title eng
082 00 - DEWEY DECIMAL CLASSIFICATION NUMBER
Classification number 309.154
Author mark and year SRS 1969
100 1# - MAIN ENTRY--PERSONAL NAME
Personal name Srinivas, Mysore Narasimhachar.
9 (RLIN) 65888
245 10 - TITLE STATEMENT
Title Social change in modern India /
Statement of responsibility, etc. [by] M. N. Srinivas.
260 ## - PUBLICATION, DISTRIBUTION, ETC. (IMPRINT)
Place of publication, distribution, etc. Berkeley :
Name of publisher, distributor, etc. University of California Press,
Date of publication, distribution, etc. 1966. [printing 1969]
300 ## - PHYSICAL DESCRIPTION
Pagination xv, 194 p. ;
Size 21 cm.
504 ## - BIBLIOGRAPHY, ETC. NOTE
Bibliography, etc Includes bibliographical references and index.
651 #0 - SUBJECT ADDED ENTRY--GEOGRAPHIC NAME
Geographic name India
General subdivision Social conditions
Chronological subdivision 1947-
9 (RLIN) 102256
942 ## - ADDED ENTRY ELEMENTS (KOHA)
Source of classification or shelving scheme Dewey Decimal Classification
Koha item type Books
Holdings
Lost status Source of classification or shelving scheme Damaged status Not for loan Collection code Permanent Location Current Location Shelving location Date acquired Source of acquisition Cost, normal purchase price Total Checkouts Full call number Date last seen Copy number Koha item type
  Dewey Decimal Classification   Not For Loan Non-fiction Central Library, University of Rajshahi Central Library, University of Rajshahi Reading Room 09/06/1975 Jonathan ware & co. 1.20   309.154 SRS 1969 11/05/2014 C-1 Books
  Dewey Decimal Classification     Non-fiction Central Library, University of Rajshahi Central Library, University of Rajshahi   08/06/1977 W. U. S.     309.154 SRS 1969 04/08/2016 C-3 Books